00682nam a2200169 i 450000100060000000300090000600500170001500700030003200800410003510000350007624502250011126000360033630000440037265000350041665100400045185200210049164941ES-MaACL20250814065537.0t|040107s1910 sp ||||1| spa d1 aFournier González, Gervasio.10aGeografía crítica e histórica de la Edad Antigua y principalmente de España / cpublicada por el Ministerio de Instrucción Pública y Bellas Artes bajo la dirección de su autor, Gervasio Fournier-González. aMadrid : bJ. Palacios, c1910. a1 v. : lám. 1-58 . : bil. ; c31 cm.07aGeografía histórica2embne 4aEspaña-xGeografía histórica. aES-MaACLjG-5590